000 00674nam a2200217Ia 4500
001 574
003 GE_BSU
008 181216s||||||||xx |||||||||||||| ||und||
020 _a9789941101793
040 _cGE_BSU
080 _a1(73)
100 _aზაქარიაძე,ანასტასია
245 _aნარკვევები ამერიკულ ფილოსოფიაში
260 _aთბილისი
260 _bმერიდიანი
260 _c2009
300 _a423გვ.
541 _h15ლ.
653 _aნარკვევები ამერიკულ ფილოსოფიაში
942 _cBK
999 _c34765
_d34765